000 00542nam a2200181Ia 4500
005 20260120124545.0
008 008 260114s9999 xx 000 0 eng d
020 _a9781781905432
037 _aEBOOK
040 _aCRL
_beng
_cCRL
041 _aeng
_2eng
084 _qCRL
245 0 _aYouth Engagement: The Civic-Political Lives of Children and Youth
260 _bEmerald Publishing
_c2013
856 _uhttps://www.emerald.com/insight/publication/doi/10.1108/S1537-4661(2013)16
942 _cEBOOK
999 _c1499627
_d1499627